LEADER 04294nam 22006255 450 001 9910484609703321 005 20230810172057.0 010 $a9783030625573 010 $a3030625575 024 7 $a10.1007/978-3-030-62557-3 035 $a(CKB)4100000011938006 035 $a(MiAaPQ)EBC6628078 035 $a(Au-PeEL)EBL6628078 035 $a(OCoLC)1255233098 035 $a(DE-He213)978-3-030-62557-3 035 $a(EXLCZ)994100000011938006 100 $a20210519d2021 u| 0 101 0 $aeng 135 $aurcnu|||||||| 181 $ctxt$2rdacontent 182 $cc$2rdamedia 183 $acr$2rdacarrier 200 14$aThe Evolution of Popular Communication in Latin America /$fedited by Ana Cristina Suzina 205 $a1st ed. 2021. 210 1$aCham :$cSpringer International Publishing :$cImprint: Palgrave Macmillan,$d2021. 215 $a1 online resource (239 pages) 225 1 $aPalgrave Studies in Communication for Social Change,$x2634-6400 320 $aIncludes bibliographical references and index. 327 $a1. Introduction: Popular Communication, an Epistemological Debate between South and North; Ana Cristina Suzina -- Part I. The Roots of an Epistemology -- 2. Thinking about Communication from the Global South. Subjectivities Construction in Latin America: An Overview; Aníbal Orué Pozzo -- 3. Popular and Communitarian Communication in Rural Social Movements: Beyond "Diffusionism" to Emancipatory Participation; Cicilia M. Krohling Peruzzo -- 4. Faith, Communication and Commitment to Liberation; Washington Uranga -- 5. The Vestiges of the Concept of Popular in Latin America; Santiago Gómez Obando -- Part II. A Method, a Pedagogy, a Practice -- 6. Disenchantment as a Path Toward Autonomy: Orlando Fals Borda, Participatory Action Research, Communication and Social Change; Jair Vega-Casanova -- 7. A Praise of Dignity in Educational Practice; Daniel Prieto Castillo -- 8. Popular Radios: Constants and Tensions; María Cristina Mata -- 9. Popular Communication in Latin America: A Look at the Actors Who Build Bridges; Nívea Canalli Bona -- Part III. Decolonial Perspectives -- 10. The Decolonial Nature of Comunicação Popular; Leonardo Custódio -- 11. Digital Media and Emancipation in Latin American Communication Thinking; Dorismilda Flores-Márquez -- 12. Communication and Vivir Bien/Buen Vivir: In the Care of Our Common Home; Adalid Contreras Baspineiro. 330 $aThis book brings together twelve contributions that trace the empirical-conceptual evolution of Popular Communication, associating it mainly with the context of inequalities in Latin America and with the creative and collective appropriation of communication and knowledge technologies as a strategy of resistance and hope for marginalized social groups. In this way, even while emphasizing the Latin American and even ancestral identity of this current of thought, this book positions it as an epistemology of the South capable of inspiring relevant reflections in an increasingly unequal and mediatized world. The volume's contributors include both early-career and more established professionals and natives of seven countries in Latin America. Their contributions reflect on the epistemological roots of Popular Communication, and how those roots give rise to a research method, a pedagogy, and a practice, from decolonial perspectives. 410 0$aPalgrave Studies in Communication for Social Change,$x2634-6400 606 $aCommunication 606 $aEthnology$zLatin America 606 $aCulture 606 $aCommunication in economic development 606 $aMedia and Communication 606 $aLatin American Culture 606 $aDevelopment Communication 615 0$aCommunication. 615 0$aEthnology 615 0$aCulture. 615 0$aCommunication in economic development. 615 14$aMedia and Communication. 615 24$aLatin American Culture. 615 24$aDevelopment Communication. 676 $a001.51098 676 $a302.2098 702 $aSuzina$b Ana Cristina 801 0$bMiAaPQ 801 1$bMiAaPQ 801 2$bMiAaPQ 906 $aBOOK 912 $a9910484609703321 996 $aThe Evolution of Popular Communication in Latin America$91892887 997 $aUNINA